Zlepšení organisace práce a odmen za prací v kolchozech
Gespeichert in:
| Format: | Buch |
|---|---|
| Sprache: | Tschechisch |
| Veröffentlicht: |
Praha
Brázda
1951
|
| Tags: |
Keine Tags, Fügen Sie das erste Tag hinzu!
|
MARC
| LEADER | 00000nam a2200000 4500 | ||
|---|---|---|---|
| 001 | 0314596 | ||
| 005 | 20260128124337.8 | ||
| 041 | 0 | |a cze | |
| 044 | |a CZ | ||
| 245 | 1 | 0 | |a Zlepšení organisace práce a odmen za prací v kolchozech |c N. Nazarcev |
| 264 | 1 | |a Praha |b Brázda |c 1951 | |